| 000 | 01729cam a22001934a 4500 | ||
|---|---|---|---|
| 005 | 20250605164341.0 | ||
| 008 | 250528s ||||||||||||||||||||||||d | ||
| 035 | _a23602 | ||
| 040 |
_aGR-AtMCL _bgre _dGR-AtMCL _eAACR2 |
||
| 245 | 1 | _aΔιαχείριση Εφοδιαστικής Αλυσίδας και Πληροφορία στην Ελλάδα: Ποιός είναι ο Ρόλος της Πληροφορίας σε μια Εφοδιαστική Αλυσίδα και πώς επηρέαζει την Απόδοση της/Independent Study | |
| 260 | _c2018 | ||
| 300 | _a98 | ||
| 520 | _aΕισαγωγή, Βιβλιογραφική Ανασκόπηση, Ορισμός και Βασικά Χαρακτηριστικά Εφοδιαστικής Αλυσίδας, Διοίκηση Εφοδιαστικής Αλυσίδας, Τα Logistics ως Τμήμα της Διοίκησης της Εφοδιαστικής Αλυσίδας, Third Party Logistics, Ιστορική Εξέλιξη, Η Κατάσταση στην Ελλάδα σήμερα, Information Technology, Τεχνολογίες Αναγνώρισης και Κτήσης Δεδομένων (POD & Track&Trace), Μεθοδολογία Έρευνας, Μέθοδοι Συλλογής Στοιχείων, Όρια και Ηθικά Ζητήματα και Περιορισμοί, ΑνάλυσηΠροβλήματα και Εμπόδια και Ανάγκες που Προέκυψαν κατά την Χρήση των Συστημάτων Track and Trace και Proof of Delivery, Βιβλιογραφία. | ||
| 700 | 1 |
_aΛιανός Πάρης _99190 |
|
| 700 | 1 |
_aΠετράκης Θωμάς _99192 |
|
| 942 | _cDS | ||
| 999 |
_c8602 _d8602 |
||